62 Babynamen der Woche 09/26' - Statistiken

Allgemein
  • Dieses Quiz wurde 4 mal gespielt
  • Das Durchschnittsergebnis liegt bei 21 aus 62
Antwortstatistiken
📍 Vorname % Korrekt
Al.a ♀️ Alma
100%
B.b.t.e ♀️ Babette
100%
Co.a ♀️ Cora
100%
Ka.l ♂️ Karl
100%
K.t..r..a ♀️ Katharina
100%
A.b..t ♂️ Albert
75%
A.g.s ♂️ Angus
75%
A.a ♀️ Ava
75%
C.r.l..a ♀️ Carolina
75%
C.a.l.t.e ♀️ Charlotte
75%
J.y.e ♀️ Joyce
75%
J.l.e ♀️ Julie
75%
K.r.a ♀️ Karla
75%
L.t.e ♀️ Lotte
75%
Pa.l ♂️ Paul
75%
R.c..l ♀️ Rachel
75%
Al.a ♀️ Alia
50%
A.y ♀️ Amy
50%
A.t.n.l.a ♀️ Antonella
50%
El..n ♂️ Elian
50%
L.o..s ♂️ Leonis
50%
M..c.l.e ♂️ Marcelle
50%
T.o.b.o..n ♂️ Thorbjoern
50%
X.n..a ♀️ Xenija
50%
Av.l..e ♀️ Aveline
25%
C..s.a..e ♀️ Constanze
25%
E.j..o ♂️ Eljano
25%
J.t.n ♂️ Jeton
25%
Jo.a ♀️ Joia
25%
K..l..n ♀️ Karleen
25%
Ke.e ♂️ Keke
25%
Ku.i ♀️ Kuni
25%
L.a.d.a ♀️ Leandra
25%
L.v.a ♀️ Levia
25%
Li.a ♀️ Lida
25%
Li.m ♂️ Liem
25%
M.y.o ♂️ Maylo
25%
M.r.n.a ♀️ Miranda
25%
S.n.a ♀️ Sanja
25%
Al.o ♂️ Aldo
0%
B..j.n ♂️ Brajen
0%
D.e.e ♀️ Dieke
0%
F.n.a ♀️ Fanta
0%
F.o..n ♂️ Faolan
0%
F..r.r ♂️ Fenrir
0%
H.r.a ♀️ Herla
0%
Im.i.e ♀️ Immine
0%
J.s.o ♂️ Jesko
0%
L.s.n ♂️ Lison
0%
L..n.s ♂️ Lounes
0%
M.e..s ♀️ Maelys
0%
M.n.o ♂️ Monno
0%
N..s.e ♀️ Neeske
0%
N..b.r.a ♀️ Notburga
0%
O.f.o ♂️ Orfeo
0%
P..l.a ♀️ Phelia
0%
R.l.a ♂️ Relja
0%
S..f.a ♀️ Silfra
0%
T..s..a ♀️ Taisiya
0%
T.l.y.h ♀️ Taliyah
0%
T.l..a ♀️ Taliza
0%
Z.e.a ♀️ Zeena
0%
Keine übereinstimmenden Quizze gefunden
Verteilung der Resultate
Anzahl Personen mit jedem Resultat
Perzentil nach korrekt beantworteten Fragen
Ihre Resultats-Entwicklung
Sie haben dieses Quiz noch nicht gespielt